000 00526nam a2200181Ia 4500
003 GCL
008 140319s9999 xx 000 0 ara d
040 _aGCL /
_cGCL
082 0 4 _a239
_bع ف
100 1 _aعبدالحليم الجندى
245 1 0 _aفى السيرة النبوية /
_cعبدالحليم الجندى
260 _a[S.N] :
_bدار المعارف ،
_c1987
300 _a478 ص
490 _a
650 0 4 _aالسيرة النبوية
650 0 4 _aالتاريخ الاسلامى
942 _2ddc
_cBK
999 _c53903
_d53903